Welsh Assembly criticised (Record no. 118226)

MARC details
000 -LEADER
fixed length control field 01090cam a2200217 4500
001 - CONTROL NUMBER
control field WB@3612-383
008 - FIXED-LENGTH DATA ELEMENTS--GENERAL INFORMATION
fixed length control field 041026n2004 000 0 eng u
035 ## - SYSTEM CONTROL NUMBER
System control number (Sirsi) u127826
245 ## - TITLE STATEMENT
Title Welsh Assembly criticised
260 ## - PUBLICATION, DISTRIBUTION, ETC.
Date of publication, distribution, etc. 2004
490 ## - SERIES STATEMENT
Series statement Inside Housing
Volume/sequential designation (21)42 22 October 2004, 8(1)
520 ## - SUMMARY, ETC.
Summary, etc. A report by the Joseph Rowntree Foundation has found that the Welsh Assembly should do more to improve the quality of private sector homes and reduce poverty among home owners. "Low-income homeowners in Wales" suggests that the assembly could increase the take up of tax credits for working people. It could also review its policy on distribution of home improvement grants to assess whether it will meet the government's target of halving the number of private sector homes in disrepair by 2005. To view the report go to: http://www.jrf.org.uk/bookshop/details.asp?pubID=6 34.
590 ## - LOCAL NOTE (RLIN)
Local note WB
590 ## - LOCAL NOTE (RLIN)
Local note WB
650 ## - SUBJECT ADDED ENTRY--TOPICAL TERM
Topical term or geographic name entry element HOUSING POLICY
650 ## - SUBJECT ADDED ENTRY--TOPICAL TERM
Topical term or geographic name entry element HOUSING CONDITIONS
650 ## - SUBJECT ADDED ENTRY--TOPICAL TERM
Topical term or geographic name entry element LOW INCOME HOUSEHOLDS
650 ## - SUBJECT ADDED ENTRY--TOPICAL TERM
Topical term or geographic name entry element WALES
690 ## - LOCAL SUBJECT ADDED ENTRY--TOPICAL TERM (OCLC, RLIN)
Topical term or geographic name as entry element HOUSING
942 ## - ADDED ENTRY ELEMENTS (KOHA)
Suppress in OPAC 0
Holdings
Withdrawn status Lost status Source of classification or shelving scheme Damaged status Not for loan Home library Current library Shelving location Date acquired Total Checkouts Full call number Barcode Date last seen Copy number Price effective from Koha item type
    Dewey Decimal Classification     London London News article 26/10/2004   WB4041-07 127826-1001 06/08/2019 1 06/08/2019 News article